000
00232nam a22001217a 4500
040
_c
SY
082
_a
333
100
_a
NA
245
_a
Forest concession management plant
260
_a
RUA
_b
NA
_c
2002
300
_a
59p.
942
_c
EK
999
_c
9161
_d
9161